| 000 | 00466nam a22001817a 4500 | ||
|---|---|---|---|
| 003 | OSt | ||
| 005 | 20260320160053.0 | ||
| 008 | 260320b |||||||| |||| 00| 0 Pun d | ||
| 020 | _a9788119838950 | ||
| 040 | _cBGL | ||
| 082 | _a891.423 RAI:M | ||
| 100 | _aਰੈਨਾ ਬਲਜੀਤ ਸਿੰਘ | ||
| 245 | _aਮੁਹੱਬਤ (ਨੋਵਾਲ) | ||
| 260 |
_aNew Delhi _bNavyug Publication _c2024 |
||
| 300 | _a138p | ||
| 650 | _aPunjabi | ||
| 942 |
_2ddc _cGB |
||
| 999 |
_c44324 _d44324 |
||